Scrambled Words - 5 letters - Statistics

General Stats
  • This quiz has been taken 123 times
  • The average score is 13 of 16
Answer Stats
Scrambled Answer % Correct
sordw Sword
98%
sgues Guess
96%
ckolb Block
93%
rlowd World
93%
enspd Spend
92%
toequ Quote
91%
reibf Fiber
90%
durec Crude
87%
yahnd Handy
84%
hifat Faith
82%
gaste Stage
82%
uysdt Study
79%
irfya Fairy
76%
nastl Slant
68%
vldai Valid
66%
yeslt Style
57%
No matching quizzes found
Score Distribution
Percent of People with Each Score
Percentile by Number Answered
Your Score History
You have not taken this quiz